书目信息 |
| 题名: |
旅游经济专业知识与实务
|
|
| 作者: | 张辉 , 陶汉军, 主编 ;徐虹, 编写 | |
| 分册: | 中级 | |
| 出版信息: | 北京 中国人事出版社 2018.06 |
|
| 页数: | 264页 | |
| 开本: | 26cm | |
| 丛书名: | 全国经济专业技术资格考试用书 | |
| 单 册: | ||
| 中图分类: | F59 | |
| 科图分类: | ||
| 主题词: | 旅游经济--lu^ you jing ji--资格考试--自学参考资料 | |
| 电子资源: | ||
| ISBN: | 978-7-5129-1282-3 | |
| 000 | 01209nam 2200289 450 | |
| 001 | 202019134431 | |
| 005 | 20191002113834.0 | |
| 010 | @a978-7-5129-1282-3@dCNY70.00 | |
| 100 | @a20190928d2018 em y0chiy50 ea | |
| 101 | 0 | @achi |
| 102 | @aCN@b110000 | |
| 105 | @ay z 000yy | |
| 106 | @ar | |
| 200 | 1 | @a旅游经济专业知识与实务@Alv you jing ji zhuan ye zhi shi yu shi wu@i中级@e2018@f主编张辉, 陶汉军@g编写人员徐虹 ... [等] |
| 210 | @a北京@c中国人事出版社@d2018.06 | |
| 215 | @a264页@d26cm | |
| 225 | 2 | @a全国经济专业技术资格考试用书@Aquan guo jing ji zhuan ye ji shu zi ge kao shi yong shu |
| 330 | @a本书分旅游经济基础知识、饭店经营管理、旅行社经营管理、旅游景区经营管理四部分, 具体内容包括: 旅游需求与供给、旅游供求矛盾与调节、旅游产业结构与政府调控、饭店战略管理、饭店业务管理、旅行社的风险管理、旅游景区形象管理与市场营销等。 | |
| 410 | 0 | @12001 @a全国经济专业技术资格考试用书 |
| 517 | 1 | @a中级@Azhong ji |
| 606 | 0 | @a旅游经济@Alu^ you jing ji@x资格考试@j自学参考资料 |
| 690 | @aF59@v5 | |
| 701 | 0 | @a张辉@Azhang hui@4主编 |
| 701 | 0 | @a陶汉军,@Atao han jun@f1940-@4主编 |
| 702 | 0 | @a徐虹,@Axu hong@f1963.2-@4编写 |
| 801 | 0 | @aCN@c20190905 |
| 905 | @a河南城建学院图书馆@dF59@eZ113 | |
| 旅游经济专业知识与实务.中级:2018/主编张辉, 陶汉军/编写人员徐虹 ... [等].-北京:中国人事出版社,2018.06 |
| 264页;26cm.-(全国经济专业技术资格考试用书) |
| ISBN 978-7-5129-1282-3:CNY70.00 |
| 本书分旅游经济基础知识、饭店经营管理、旅行社经营管理、旅游景区经营管理四部分, 具体内容包括: 旅游需求与供给、旅游供求矛盾与调节、旅游产业结构与政府调控、饭店战略管理、饭店业务管理、旅行社的风险管理、旅游景区形象管理与市场营销等。 |
| ● |
| 相关链接 |
|
|
|
正题名:旅游经济专业知识与实务
索取号:F59/Z113
 
预约/预借
| 序号 | 登录号 | 条形码 | 馆藏地/架位号 | 状态 | 备注 |
| 1 | 1442439 | 214424390 | 社科库409/409社科库 38排3列4层/ [索取号:F59/Z113] | 在馆 | |
| 2 | 1442440 | 214424407 | 社科库409/409社科库 38排3列4层/ [索取号:F59/Z113] | 在馆 |